|
|
|
|
| LEADER |
00000caa a22000002c 4500 |
| 001 |
1635768586 |
| 003 |
DE-627 |
| 005 |
20230428164734.0 |
| 007 |
tu |
| 008 |
140121s1988 xx ||||| 00| ||eng c |
| 035 |
|
|
|a (DE-627)1635768586
|
| 035 |
|
|
|a (DE-576)399905448
|
| 035 |
|
|
|a (DE-599)BSZ399905448
|
| 040 |
|
|
|a DE-627
|b ger
|c DE-627
|e rakwb
|
| 041 |
|
|
|a eng
|
| 100 |
1 |
|
|a Calhoun, T.
|4 aut
|
| 245 |
1 |
0 |
|a Young male prostitutes
|b their knowledge of selected sexually transmitted diseases
|c T. Calhoun; B. Pickerill
|
| 264 |
|
1 |
|c 1988
|
| 336 |
|
|
|a Text
|b txt
|2 rdacontent
|
| 337 |
|
|
|a ohne Hilfsmittel zu benutzen
|b n
|2 rdamedia
|
| 338 |
|
|
|a Band
|b nc
|2 rdacarrier
|
| 700 |
1 |
|
|a Pickerill, B.
|4 aut
|
| 773 |
0 |
8 |
|i In
|t Psychology
|d Savannah, Ga., 1964
|g 25(1988), 3-4, Seite 1-8
|w (DE-627)129507288
|w (DE-600)209469-1
|w (DE-576)014912384
|x 0033-3077
|7 nnas
|
| 773 |
1 |
8 |
|g volume:25
|g year:1988
|g number:3-4
|g pages:1-8
|
| 951 |
|
|
|a AR
|
| ELC |
|
|
|b 1
|
| LOK |
|
|
|0 000 xxxxxcx a22 zn 4500
|
| LOK |
|
|
|0 001 3292468930
|
| LOK |
|
|
|0 003 DE-627
|
| LOK |
|
|
|0 004 1635768586
|
| LOK |
|
|
|0 005 20140221124804
|
| LOK |
|
|
|0 008 140121||||||||||||||||ger|||||||
|
| LOK |
|
|
|0 040
|a DE-21-110
|c DE-627
|d DE-21-110
|
| LOK |
|
|
|0 689
|a s
|a Prostitution
|
| LOK |
|
|
|0 689
|a s
|a Männer
|
| LOK |
|
|
|0 852
|z Kein Bestand am IfK; Nachweis für KrimDok
|
| LOK |
|
|
|0 852
|a DE-21-110
|
| LOK |
|
|
|0 852 1
|m v
|9 00
|
| LOK |
|
|
|0 938
|k v
|
| LOK |
|
|
|0 939
|a 21-01-14
|b l01
|
| ORI |
|
|
|a SA-MARC-krimdoka001.raw
|